000
00328nam a22001337a 4500
008
170529b xxu||||| |||| 00| 0 eng d
020
_a
0801492475
041
_a
eng
080
_a
94(4)
100
_a
16
101
_a
SHH
245
_a
RELIGIOUS POVERTY AND THE PROFIT ECONOMY IN MEDIEVAL EUROPE
_c
LITTLE,L.K
942
_2
udc
_c
BK
999
_c
14906
_d
14906